[Event "16th Delhi GM Open 2018"]
[Site "Delhi"]
[Date "2018.01.15"]
[Round "9"]
[White "Mitrabha, Guha"]
[Black "Sivuk, Vitaly"]
[Result "0-1"]
[WhiteElo "2319"]
[BlackElo "2550"]
[Annotator "TA"]
[PlyCount "190"]
[EventDate "2018.??.??"]
[EventType "swiss"]
[EventCountry "IND"]
[SourceTitle "playchess.com"]
[Source "ChessBase"]
[SourceQuality "1"]

{[%evp 23,190,15,33,23,45,27,33,43,76,37,55,54,62,57,64,48,47,47,54,47,66,39,43,46,36,51,43,25,29,28,45,29,40,0,5,30,20,9,13,12,21,0,0,0,0,0,8,1,0,0,0,0,0,0,4,5,8,8,8,8,8,-314,8,0,8,8,8,8,8,8,8,8,8,8,8,8,8,0,8,0,8,8,8,0,8,0,38,8,8,0,509,0,8,0,119,0,8,0,119,0,23,0,119,119,119,119,119,119,156,157,762,26,758,654,585,547,392,8,8,8,8,8,8,8,8,8,8,0,8,0,8,8,8,0,8,0,8,0,8,0,0,0,0,-8,-8,-29973,-29975,-29969,-29971,-9979,-1806,-29979,-29975,-29982,-29984,-29984,-29982,-29983,-29983,-29983,-29984,-29984,-29985,-29985,-29986,-29986,-29987,-29987,-29988]} 1. d4 g6 2. Nf3 Bg7 3. c4 d6 4. g3 Nf6 5. Bg2 O-O 6. Nc3 Nbd7 7. O-O e5 8. h3 Re8 9. e4 exd4 10. Nxd4 Nc5 11. Re1 Bd7 12. Bf4 h6 13. b3 {E68: King's Indian: Fianchetto: 6...Nbd7 7 0-0 e5 8 e4} (13. Nb3 Na4 14. Bd2 Nxb2 15. Qe2 Na4 16. Rab1 Nxc3 17. Bxc3 Rb8 18. c5 dxc5 19. Nxc5 Bc6 20. Qb2 b6 {1-0 (50) Yu,Y (2750)-Ganguly,S (2665) Ashkhabad 2017}) 13... Nh7 $146 ({Find the theoretical novelty and annotate with similar games:} 13... a6 14. a4 Nh7 15. Rb1 Ng5 16. h4 Nh3+ 17. Bxh3 Bxh3 18. Qd2 Qf6 19. Nd5 Qxd4 20. Qxd4 Bxd4 21. Nxc7 Nd3 {0-1 (42) Permiakov,V (2339)-Looshnikov,N (2462) Sukhumi 2008}) 14. Kh2 Ng5 15. Rc1 {White is slightly better.} h5 16. h4 (16. Qd2 $5 {[%cal Rf4g5]} Nge6 17. Nxe6 Nxe6 18. Bh6 $14) 16... Nh7 17. Qd2 Be5 18. Rcd1 a5 19. Nd5 c6 20. Nc3 Qf6 21. Nde2 Be6 22. Qe3 {Threatens to win with Bxe5.} Qe7 23. Nd4 Bg4 24. f3 Bc8 25. Rd2 a4 26. b4 Ne6 27. Nxe6 Bxe6 28. Bxe5 (28. Bf1 {NOTEXT} a3 29. Red1 Red8 30. Be2 Qf6 31. Rc1) 28... dxe5 29. c5 a3 30. Red1 Nf8 31. Rd6 Red8 32. Qd2 {[%cal Rd6d8]} (32. Bf1 {NOTEXT} Kg7 33. Kg2 Rxd6 34. Rxd6 Rd8 35. Qd2) 32... Rxd6 33. Qxd6 Qxd6 34. Rxd6 Bc4 35. Bh3 Ne6 36. Bxe6 Bxe6 $11 {[%mdl 4096] Endgame KRB-KRN} 37. Kg2 Kf8 38. f4 exf4 39. gxf4 Ke7 40. Kf3 f6 41. Ke3 Rd8 42. Kf3 $2 {[%mdl 8192]} (42. Rxd8 $11 {and White stays safe.} Kxd8 43. Nb1) 42... Ra8 $2 ({Better is} 42... Rxd6 $19 43. cxd6+ Kxd6) 43. Ke3 Rd8 44. Rxd8 Kxd8 {KB-KN} 45. Nb1 Bxa2 46. Nxa3 Bb3 47. Nb1 Ke7 48. Nd2 Be6 49. Nf3 Bd7 50. Nd2 Be6 51. Nf3 Bd7 52. Nd4 Be6 53. Nf3 Bd7 54. Nd4 Kd8 55. e5 Ke7 56. Ke4 Be6 $2 {[%mdl 8192]} (56... Bh3 $11) 57. Ke3 $2 ({White has to play} 57. f5 $1 $18 Ba2 58. fxg6 Bb1+ 59. Kf4 Bxg6 60. Nf5+ Ke6 61. exf6 Kxf6 62. Ng3) 57... Bd7 58. Ke4 {Black must now prevent f5.} Bg4 (58... Be6 $11) 59. Ke3 (59. f5 $1 $16 {[%cal Rf5g6]} gxf5+ 60. Nxf5+ Ke6 61. Nd4+ Kf7 62. Nf5) 59... Bd7 60. Ke4 Bg4 (60... Be6 $11) 61. Ke3 (61. f5 $1 $16 {[%cal Rf5g6]} gxf5+ 62. Nxf5+ Ke6 63. Nd4+ Kf7 64. Nf5) 61... Bd7 62. Ke4 Bg4 {[#]} (62... Be6 $11) 63. f5 $1 $16 {[%cal Rf5g6]} gxf5+ 64. Nxf5+ Ke6 65. Nd4+ Kf7 66. Kf4 Ke7 $2 (66... fxe5+ $16 67. Kxe5 Bd1) 67. Nb3 $2 (67. Nf5+ $18 Ke6 68. exf6 Kxf6 69. Nd6) 67... Ke6 $2 {[%mdl 8192]} (67... fxe5+ $11 68. Kxe5 Kd7) 68. exf6 $18 Kxf6 69. Na5 Ke6 70. Ke4 $2 ({Only move:} 70. Nxb7 $18 {And now Nd6 would win.} Kd5 71. Nd6) 70... Bf5+ $11 71. Kd4 Bh3 72. Nxb7 {Hoping for Nd8+.} Kf5 73. Na5 Bg2 74. Nc4 Kf4 75. Na5 Kf5 76. Nc4 Kf4 77. Ne3 Bh1 78. Nc4 Kg3 79. Nd6 Kf4 80. Nc4 Kg3 81. Nd6 Kxh4 82. b5 cxb5 {Strongly threatening ...Kg4.} 83. Nxb5 Kg3 84. Nd6 $2 {[%mdl 8192] [#]} (84. Ke3 $11) 84... Kf4 $1 85. Nc4 h4 86. Ne5 h3 {[%cal Bh4h3,Bh3h2][%mdl 32]} 87. Nd3+ Kg3 {Black mates.} 88. Ke3 h2 89. Nf2 Bc6 90. Ke2 Bb5+ 91. Ke3 Kg2 92. Nh1 Kxh1 93. Kf2 Bc6 94. Kf1 Bb7 95. Kf2 Bg2 {Precision: White = 36%, Black = 64%.} 0-1

[Event "16th Delhi GM Open 2018"]
[Site "Delhi"]
[Date "2018.01.15"]
[Round "9"]
[White "Dhulipalla Bala Chandra Prasa"]
[Black "Lalith Babu M R"]
[Result "1-0"]
[WhiteElo "2313"]
[BlackElo "2542"]
[Annotator "TA"]
[PlyCount "59"]
[EventDate "2018.??.??"]
[EventType "swiss"]
[EventCountry "IND"]
[SourceTitle "playchess.com"]
[Source "ChessBase"]
[SourceQuality "1"]

{[%evp 9,59,0,0,-14,6,-5,4,7,7,-32,-25,-27,37,17,24,0,28,0,26,33,32,45,37,40,116,115,155,41,250,243,275,278,441,397,578,562,800,795,714,785,742,766,763,748,1641,1637,1564,1511,29987,1027,1000,933]} 1. d4 Nf6 2. Bf4 c5 3. dxc5 Na6 (3... Nc6 4. Nc3 e5 5. Bg5 Bxc5 6. e3 Bb4 7. Nge2 d5 8. a3 Bxc3+ 9. Nxc3 Be6 10. Bb5 d4 11. Bxf6 Qxf6 {½-½ (42) Aronian,L (2799)-Kasparov,G (2812) Saint Louis 2017}) 4. f3 e6 5. e4 $146 ({Predecessor:} 5. Bd6 Nxc5 6. Bxf8 Kxf8 7. Qd4 Qb6 8. e3 d6 9. Nc3 e5 10. Qd2 Be6 11. O-O-O {0-1 (21) Littke,H (2233)-Goncharov,I (2386) ICCF email 2014}) 5... Bxc5 6. Nc3 {A45: Trompowsky Attack} d5 (6... Qb6 {is interesting.} 7. Na4 Qa5+ 8. Nc3 Ba3 9. Qc1 Qxc3+ 10. bxc3 Bxc1 11. Bxc1 d5) 7. Qd2 O-O 8. O-O-O {The position is equal.} Nc7 9. g4 {[#]} b5 $1 {[%mdl 512]} 10. h4 (10. Nxb5 Nxb5) 10... Qe7 (10... b4 $11 11. Na4 Be7) 11. e5 $14 Nd7 12. Nh3 Nb6 (12... Qxh4 $6 13. Bxb5 Nxb5 14. Ng5 $18) 13. Bg5 f6 14. exf6 gxf6 15. Bh6 $36 {[%mdl 2048] White has good play.} Rf7 16. g5 Bd7 ({Better is} 16... b4 $14 17. Nb5 Nxb5 18. Bxb5 e5) 17. gxf6 $16 Qxf6 18. Bg5 (18. Rh2 $1 $16) 18... Qe5 $2 {[#]} (18... Qxf3 19. Be2 $16) (18... Qg7 $1 $14 19. Be3 Bxe3 20. Qxe3 Qf6) 19. Re1 $1 $18 {[%cal Re1e5]} (19. Bf4 Rxf4 20. Re1 Rd4 $14) 19... Qd4 {[#]} 20. Qh2 $1 {Strongly threatening Rg1.} b4 (20... e5 $142 21. Rd1 (21. Qxe5 Qxe5 22. Rxe5 Bd4 $11) 21... Qb4) 21. Rg1 ({Worse is} 21. Ne2 Qg7 $11) 21... Kh8 (21... Rg7 $142) 22. Rg4 Qg7 23. Bf4 ({Not} 23. Qxc7 Rc8 $11) 23... Qf8 24. Bxc7 bxc3 25. Be5+ Rf6 26. Qf4 cxb2+ 27. Kb1 Be7 28. Bd3 {Intending Reg1 and mate.} Be8 29. Ng5 (29. Reg1 $142 Bg6 30. Rxg6 hxg6 31. Rxg6 Nc4 32. Bxc4 Kh7 33. Rxf6 Bxf6 34. Bd3+ Kg8 35. Bxf6) 29... Nd7 30. Nxh7 {Precision: White = 69%, Black = 28%.} 1-0

[Event "16th Delhi GM Open 2018"]
[Site "Delhi"]
[Date "2018.01.16"]
[Round "10"]
[White "Naiditsch, Arkadij"]
[Black "David, Alberto"]
[Result "1/2-1/2"]
[WhiteElo "2701"]
[BlackElo "2553"]
[Annotator "TA"]
[PlyCount "35"]
[EventDate "2018.??.??"]
[EventType "swiss"]
[EventCountry "IND"]
[SourceTitle "playchess.com"]
[Source "ChessBase"]
[SourceQuality "1"]

{[%evp 22,35,20,39,47,29,27,25,31,10,13,7,16,12,26,21]} 1. e4 c6 2. d4 d5 3. exd5 cxd5 4. c4 Nf6 5. Nc3 e6 6. Nf3 Bb4 7. cxd5 Nxd5 8. Qc2 Nc6 9. a3 Be7 10. Bd3 h6 11. O-O O-O 12. Qe2 {LiveBook: 18 Games. B14: Caro-Kann: Panov-Botvinnik Attack with 5...e6 and 5...g6} Bd7 (12... Qd6 13. Bc2 Bd7 14. Qd3 f5 15. Nxd5 exd5 16. g3 g5 17. Bd2 Bf6 18. h4 gxh4 19. Bf4 Qe7 20. Bxh6 {1-0 (38) Naiditsch,A (2687)-Nisipeanu,L (2681) Wijk aan Zee 2010}) 13. Nxd5 $146 ({Find the theoretical novelty and annotate with similar games:} 13. Re1 Rc8 14. Nxd5 exd5 15. Bb1 h5 16. Ne5 g6 17. Bxg6 fxg6 18. Nxc6 Rxc6 19. Qxe7 Qxe7 20. Rxe7 {½-½ (34) Gaponenko,I (2418)-Maric,A (2455) Varna 2002}) 13... exd5 14. Bb1 Re8 15. Qd3 {[#] Qh7+ would kill now.} g6 16. Bxh6 Bf6 $1 17. Ba2 Bf5 18. Qd2 1/2-1/2

[Event "16th Delhi GM Open 2018"]
[Site "Delhi"]
[Date "2018.01.16"]
[Round "10"]
[White "Rozum, Ivan"]
[Black "Ravi, Teja S."]
[Result "1-0"]
[WhiteElo "2595"]
[BlackElo "2375"]
[Annotator "TA"]
[PlyCount "60"]
[EventDate "2018.??.??"]
[EventType "swiss"]
[EventCountry "IND"]
[SourceTitle "playchess.com"]
[Source "ChessBase"]
[SourceQuality "1"]

{[%evp 9,60,32,32,22,23,14,26,13,24,10,25,27,24,22,26,22,37,15,16,11,44,27,39,44,33,20,36,35,229,191,191,104,258,250,276,240,244,247,402,411,414,414,391,358,1016,972,2223,2169,2493,1668,1799,1670,29989]} 1. d4 d5 2. c4 c6 3. Nf3 Nf6 4. e3 Bf5 5. Nc3 a6 6. c5 {D15: Slav Defence: 4 Nc3 a6 and gambit lines after 4 Nc3 dxc4} (6. Qb3 b5 7. c5 a5 8. Be2 g6 9. O-O Bg7 10. Bd2 O-O 11. a3 Nbd7 12. Rfc1 Ne4 13. Qd1 Nxd2 14. Qxd2 {½-½ (56) Mamedyarov,S (2799)-Andreikin,D (2712) Huaian 2017}) 6... h6 7. Ne5 Nbd7 8. Bd3 {White has an edge.} Bxd3 9. Nxd3 Qc7 $146 ({Find the theoretical novelty and annotate with similar games:} 9... g6 10. b3 Bg7 11. Bb2 Ne4 12. Ne2 e5 13. f3 Ng5 14. dxe5 Nxc5 {½-½ (55) Markus,R (2649)-Csonka,B (2398) Hungary 2016}) 10. O-O e5 11. f4 {[%cal Rf4e5]} e4 12. Ne5 Be7 13. b4 O-O 14. Bd2 Nh7 15. Ne2 Nxe5 16. dxe5 f6 17. Nd4 {With the idea Qg4.} Qc8 18. Qh5 $36 {[%mdl 2048] And now Nf5 would win. White has good play.} f5 $2 (18... fxe5 $14 19. fxe5 Qe8) 19. g4 $18 fxg4 {[#]} 20. f5 ({Better is} 20. Kh1 $1 $18) 20... Rf7 $2 {[#]} (20... g3 $16) 21. f6 $1 {[%mdl 512]} Bf8 (21... gxf6 22. Nf5) 22. e6 Rxf6 23. Rxf6 gxf6 $2 (23... Nxf6 {is a better defense.} 24. Qf7+ Kh8) 24. Qxg4+ Kh8 25. Kh1 Be7 ({Of course not} 25... Ng5 26. h4 $18) 26. Nf5 {[%csl Gf5][%cal Rg4g7,Bd4f5,Bf5h4,Bh4g6,Bg6e7][%mdl 32]} Qf8 $2 (26... Ng5 27. Nxe7 Qxe6 28. Qxe6 Nxe6) 27. Nh4 {White is clearly winning.} h5 28. Ng6+ Kg7 29. Qg2 Qe8 30. Nxe7+ Ng5 {Precision: White = 81%, Black = 33%.} 1-0

[Event "16th Delhi GM Open 2018"]
[Site "Delhi"]
[Date "2018.01.16"]
[Round "10"]
[White "Tiviakov, Sergei"]
[Black "Dzhumaev, Marat"]
[Result "1-0"]
[WhiteElo "2584"]
[BlackElo "2434"]
[Annotator "TA"]
[PlyCount "89"]
[EventDate "2018.??.??"]
[EventType "swiss"]
[EventCountry "IND"]
[SourceTitle "playchess.com"]
[Source "ChessBase"]
[SourceQuality "1"]

{[%evp 17,89,54,70,57,94,60,90,82,99,94,95,103,106,92,95,109,96,114,136,78,81,93,60,64,217,195,256,162,193,152,150,82,70,67,75,59,68,75,69,67,96,94,105,95,108,63,85,81,112,100,110,82,87,89,168,157,184,182,208,208,318,306,515,502,633,628,819,807,1027,993,1353,1341,1506,1370]} 1. e4 e5 2. Nf3 Nc6 3. Bb5 Nf6 4. Qe2 Be7 5. c3 O-O 6. O-O d6 7. Rd1 a6 8. Ba4 Nd7 {C86: Closed Ruy Lopez: Worrall Attack} (8... Bg4 9. h3 Bh5 10. d3 b5 11. Bc2 d5 12. Nbd2 d4 13. g4 Bg6 14. cxd4 exd4 15. Nf1 Nd7 16. Ng3 {0-1 (34) Munguntuul,B (2397)-Berend,E (2303) Riadh 2017}) 9. d4 Bf6 {LiveBook: 4 Games} 10. Be3 Qe7 {White is slightly better.} 11. Nbd2 h6 $146 ({Predecessor:} 11... Re8 12. Rac1 Nd8 13. Bc2 Ne6 14. Nf1 Ndf8 15. Qd2 {½-½ (48) Aronson,L-Alatortsev,V Riga 1954}) 12. a3 exd4 13. cxd4 Nb6 14. Bc2 Bg4 15. Qd3 {Hoping for e5!} Bg5 {[#]} 16. e5 $1 {[%csl Gc2][%cal Rd3h7][%mdl 512]} g6 {[%cal Rd6e5]} (16... dxe5 17. Qh7#) 17. exd6 cxd6 18. Bxg5 (18. Nxg5 $142 hxg5 19. Qb3) 18... hxg5 $16 19. Qb3 Qd8 20. Bxg6 {And now Bb1 would win.} Be6 $2 {[#]} (20... Na5 $1 $14 21. Qc3 fxg6 22. Qxa5 Bxf3 23. Nxf3 g4) 21. Qe3 $1 $18 Qf6 (21... Nd5 $142 22. Qxg5 Qxg5 23. Nxg5 Nf4) 22. Be4 g4 23. Bxc6 bxc6 24. Qg5+ (24. Ne4 $142 Qg7 25. Nfg5) 24... Qg7 $16 25. Qxg7+ Kxg7 26. Ng5 Bd5 27. Nge4 Rad8 28. Rac1 f5 29. Nc3 Bf7 30. Ne2 Rc8 31. Nf1 Bb3 32. Re1 f4 33. Nd2 Bd5 34. g3 fxg3 35. fxg3 Bg8 (35... Rfe8 $16 {was necessary.}) 36. Ne4 Rfd8 37. Nf2 Nc4 38. Nf4 Rb8 (38... Re8 {was worth a try.} 39. Nxg4 Bf7 40. Rxe8 Rxe8) 39. Nxg4 $18 Rd7 $2 (39... Rf8 {keeps fighting.} 40. Ne6+ Bxe6) 40. Nh5+ {White is clearly winning.} Kg6 41. Nhf6 Rf7 42. Nxg8 Nd2 43. Re6+ Kg5 44. N8h6 Rff8 45. Rxd6 {Precision: White = 67%, Black = 33%.} 1-0

[Event "16th Delhi GM Open 2018"]
[Site "Delhi"]
[Date "2018.01.16"]
[Round "10"]
[White "Karthikeyan, Murali"]
[Black "Rahman, Ziaur"]
[Result "1/2-1/2"]
[WhiteElo "2580"]
[BlackElo "2472"]
[Annotator "TA"]
[PlyCount "164"]
[EventDate "2018.??.??"]
[EventType "swiss"]
[EventCountry "IND"]
[SourceTitle "playchess.com"]
[Source "ChessBase"]
[SourceQuality "1"]

{[%evp 17,164,-9,4,-2,0,0,0,-8,-8,-12,0,-8,-14,-7,3,-15,-7,0,0,0,0,0,22,8,13,1,20,10,10,2,15,31,39,17,22,6,18,14,15,4,3,4,4,3,4,5,5,6,6,7,7,1,7,0,0,0,0,0,0,0,0,0,0,0,4,4,4,0,7,7,7,7,7,7,7,7,7,7,8,8,8,8,14,8,22,22,22,22,22,22,22,8,22,22,22,22,22,22,22,22,22,22,22,22,22,22,22,22,22,22,22,22,22,22,22,22,22,0,22,22,22,22,22,22,22,22,22,22,22,22,22,22,22,22,22,22,22,22,22,22,22,8,8,8,8,8,8,8,49]} 1. e4 c5 2. Nf3 d6 3. d4 cxd4 4. Nxd4 Nf6 5. Nc3 Nc6 6. Be2 e5 7. Nb3 Be7 8. Bg5 O-O 9. Qd2 a5 {LiveBook: 5 Partien. B59: Sizilianisch (Boleslawski-Variante)} 10. Rd1 a4 11. Nc1 Nd4 $146 ({Vorgänger:} 11... Be6 12. Bxf6 Bxf6 13. Qxd6 Qb6 14. Qd2 Qxb2 15. Nd3 Qa3 16. O-O Nd4 17. Nd5 Bxd5 18. exd5 Qxa2 {0-1 (33) Navarro Segura,R (2237)-Hernandez Guerrero,G (2536) Merida 2007}) 12. O-O Be6 13. Bd3 h6 14. Bxf6 Bxf6 15. Nd5 Bg5 16. Qe1 Qa5 17. c3 Bxc1 18. Rxc1 Nc6 19. Rd1 Rfe8 20. b4 axb3 $1 21. axb3 Bxd5 22. exd5 Ne7 23. c4 Qb6 24. b4 Ng6 25. Bxg6 fxg6 {Die Stellung ist ausgeglichen.} 26. Qe4 Rf8 27. Qxg6 Rf6 28. Qb1 Ra4 29. c5 Qxb4 30. cxd6 Qxb1 31. Rxb1 {Schwarz sollte d7 verhindern.} Rxd6 32. Rxb7 Rxd5 $11 {[%mdl 4096] Endspiel KTT-KTT} 33. h3 Rad4 34. Rbb1 Kf7 35. Kh2 Rd2 36. Rfc1 Rd7 37. f3 Re2 38. Rc4 Re7 39. Rbb4 h5 40. Rh4 g6 41. Rhc4 Kf6 42. h4 Rd2 43. Kg3 Rd6 44. Rc8 Rde6 45. Re4 Re8 46. Rc5 R8e7 47. Kh3 Kf7 48. g4 hxg4+ 49. fxg4 Kf6 50. Kg3 Kg7 51. g5 Re8 52. Kg4 R8e7 53. Kf3 Rf7+ 54. Ke3 Ra6 55. Rcxe5 Ra3+ 56. Kd4 Ra4+ 57. Kd3 Ra3+ 58. Kc4 Ra4+ 59. Kb5 Rxe4 60. Rxe4 {KT-KT} Rf1 61. Kc6 Rh1 62. Kd6 Rd1+ 63. Ke6 Ra1 64. Rd4 Re1+ 65. Kd5 Ra1 66. Re4 Rd1+ 67. Kc6 (67. Kc4 {seems wilder.} Rc1+ 68. Kd3 Rd1+ 69. Kc2 Rh1 70. Kd2) 67... Kf7 68. Rf4+ Kg7 69. Kc5 Rc1+ 70. Kd5 Rd1+ 71. Ke5 Re1+ 72. Re4 Ra1 73. Rc4 Re1+ 74. Kf4 Rf1+ 75. Kg3 Rf7 76. Kg4 Ra7 77. Kf4 Ra5 78. Rc7+ Kg8 79. Rd7 Ra4+ 80. Ke5 Rxh4 81. Rd4 Rh1 82. Kf6 Rf1+ {Precision: Weiß = 66%, Schwarz = 69%.} 1/2-1/2

[Event "16th Delhi GM Open 2018"]
[Site "Delhi"]
[Date "2018.01.16"]
[Round "10"]
[White "Ghosh, Diptayan"]
[Black "Rathnakaran, K.."]
[Result "1/2-1/2"]
[WhiteElo "2556"]
[BlackElo "2372"]
[Annotator "TA"]
[PlyCount "73"]
[EventDate "2018.??.??"]
[EventType "swiss"]
[EventCountry "IND"]
[SourceTitle "playchess.com"]
[Source "ChessBase"]
[SourceQuality "1"]

{[%evp 17,73,9,23,0,10,-10,0,-26,-23,-34,6,-42,-33,-43,-41,-34,-36,-4,52,59,64,0,2,0,2,12,33,30,32,31,112,22,12,19,24,14,28,11,43,0,0,0,0,0,0,0,0,0,0,-11,-1,-3,0,0,0,0,0,0]} 1. Nf3 Nf6 2. g3 g6 3. b3 Bg7 4. Bb2 O-O 5. Bg2 d5 6. c4 dxc4 7. bxc4 c5 8. O-O Nc6 9. d3 Bg4 {LiveBook: 3 Games. A05: Réti Opening: 1 Nf3 Nf6} (9... Rb8 10. Nc3 b6 11. e3 Bb7 12. Qe2 e6 13. Rfd1 Qe7 14. Rac1 Rfd8 15. d4 Na5 16. Ba3 Nd7 17. Nb5 {1-0 (70) Edouard,R (2636)-Bartel,M (2622) Berlin 2015}) 10. Nbd2 Qd7 11. Rb1 Rac8 $146 ({Predecessor:} 11... Rad8 12. Re1 b6 13. Ne5 Nxe5 14. Bxe5 Bh6 15. Bxf6 exf6 16. Ne4 Kg7 17. Qc2 {1-0 (43) Vadasz,L (2275)-Gality,I (2161) Gyula 1999}) 12. Bc3 b6 13. Qc2 Bh3 14. Rfd1 Bxg2 15. Kxg2 Nh5 16. a4 Bxc3 17. Qxc3 Nd4 (17... Rfe8 $11) 18. Nxd4 $14 cxd4 19. Qc2 (19. Qb2 $14) 19... Qg4 $11 20. Nf3 Nf4+ 21. Kh1 Nh3 22. Rf1 Rc5 23. Rb5 a6 (23... Ng5 $14) 24. Rxc5 ({White should try} 24. Rxb6 $16 Rf5 25. Qd1) 24... bxc5 25. Qb2 Qe6 26. Kg2 g5 27. Ng1 g4 28. f3 Nxg1 {The position is equal.} 29. Kxg1 {[%mdl 4096] Endgame KQR-KQR} Qe3+ 30. Kg2 h5 31. fxg4 hxg4 32. Rf2 Kg7 33. Qb1 f5 {Threatening ...Rh8.} 34. Qb7 Rh8 {[#] White must now prevent ...Rxh2+!} 35. Kf1 Qc1+ 36. Kg2 Qe3 {...Rxh2+! is the strong threat.} 37. Kf1 {Precision: White = 45%, Black = 59%.} 1/2-1/2

[Event "16th Delhi GM Open 2018"]
[Site "Delhi"]
[Date "2018.01.16"]
[Round "10"]
[White "Sivuk, Vitaly"]
[Black "Harsha Bharathakoti"]
[Result "0-1"]
[WhiteElo "2550"]
[BlackElo "2451"]
[Annotator "TA"]
[PlyCount "158"]
[EventDate "2018.??.??"]
[EventType "swiss"]
[EventCountry "IND"]
[SourceTitle "playchess.com"]
[Source "ChessBase"]
[SourceQuality "1"]

{[%evp 22,158,0,5,0,0,0,0,0,0,0,0,0,0,11,-23,-8,-41,-29,-59,-62,-68,-32,-51,-55,-88,-94,-112,-87,-116,-85,-157,-87,-115,-113,-125,-112,-101,-87,-94,-91,-93,-92,-89,-79,-86,-50,-79,-79,-77,-73,-95,-86,-77,-66,-77,-51,-58,-43,-79,-35,-91,-36,-114,-74,-76,-79,-85,-16,-38,-30,-39,-18,-20,-31,-23,-21,-100,-94,-116,-93,-129,-133,-121,-129,-124,-117,-125,-121,-120,-125,-120,-125,-173,-183,-193,-174,-179,-172,-169,-159,-169,-161,-177,-173,-207,-206,-271,-222,-269,-256,-405,-394,-411,-405,-707,-662,-1070,-1101,-1054,-956,-2992,-2850,-12843,-6370,-5185,-4753,-29971,-29973,-29973,-29974,-29973,-29974,-29978,-29977,-29990,-29991,-29991,-29992]} 1. d4 Nf6 2. c4 e6 3. Nf3 d5 4. g3 dxc4 5. Bg2 Nc6 6. Qa4 Bb4+ 7. Bd2 Nd5 8. Qb5 {E04: Open Catalan: 5 Nf3} Bxd2+ 9. Nbxd2 c3 10. bxc3 Nxc3 11. Qb2 Na4 12. Qc2 {LiveBook: 3 Games} Nb6 13. e3 O-O 14. O-O Qe7 {[#]} 15. Rfc1 $146 ({Predecessor:} 15. Rac1 Rd8 {0-1 (57) Harikrishna,P (2755)-Bu,X (2723) Danzhou 2016}) 15... Rd8 16. Nb3 Nd5 17. Qb2 Rb8 18. Ne1 Bd7 19. Nc5 Be8 20. Ned3 b6 21. Ne4 Rbc8 22. Rab1 Na5 23. Nc3 c6 24. Qe2 Qa3 25. Ne4 h6 26. Nf4 (26. Qd2 $142) 26... Qe7 (26... f5 $142 {Hoping for ...Nxf4.} 27. Nd2 Nc3 28. Rxc3 Qxc3 29. Nxe6 Rd6) 27. Qa6 Rc7 28. Qe2 Nb7 29. Nd3 Rdc8 30. Qb2 c5 31. dxc5 Nxc5 32. Ndxc5 bxc5 33. Qa3 f5 34. Nc3 Nb4 35. Qb3 Kh7 36. Qc4 Nc6 37. Nb5 Ne5 38. Qc3 Bxb5 39. Rxb5 Nf7 40. Ra5 Qd6 41. Qa3 (41. e4 $15) 41... Ne5 ({Black should try} 41... c4 $17 42. Qxd6 Nxd6) 42. Ra6 (42. Rxa7 $15 Rxa7 43. Qxa7) 42... Qe7 43. Qc3 Nd7 $1 44. e4 Nb6 (44... c4 $17 {White must now prevent ...Nc5.} 45. exf5 exf5) 45. exf5 exf5 46. h4 c4 47. Ra5 Rc5 {[%cal Bc7c5,Bc5d5,Bd5d3][%mdl 32]} 48. Re1 Qf7 49. Ra6 (49. Qb4 $11 Rxa5 50. Qxa5) 49... R8c7 $17 50. a4 Nd5 51. Bxd5 Rxd5 52. Rae6 Rd3 53. Qc2 Qd7 54. Re7 Qd6 55. Rxc7 Qxc7 {[%mdl 4096] Endgame KQR-KQR} 56. Rc1 {Strongly threatening Qxd3!} Rd5 57. Kh2 Qc5 $36 {[%mdl 2048] aiming for ...c3! Keeping White busy.} 58. Kg2 Rd4 {...Qd5+ is the strong threat.} 59. Qc3 Qd5+ 60. Qf3 Qxf3+ 61. Kxf3 $19 {KR-KR} Kg6 62. a5 Kf6 63. Ke3 Ke5 $1 64. Rb1 Rd3+ 65. Ke2 Ra3 66. Rb7 (66. Rb5+ $142 Ke4 67. h5) 66... Rxa5 67. Rxg7 Kd4 68. Rd7+ {[#]} (68. h5 $142 Ra2+ 69. Ke1) 68... Kc3 $1 {[%cal Rc3c2]} 69. Ke3 {and the idea Rc7 leaves White hopeful.} Kc2 70. f3 c3 71. g4 fxg4 72. fxg4 Kb2 (72... Kb1 $142 73. g5 hxg5) 73. Rb7+ {[#]} Kc1 $1 74. g5 hxg5 {Black mates.} 75. h5 Ra6 76. Kf3 c2 77. Kg4 Rc6 78. Rxa7 Kb2 79. Rb7+ Kc3 {Precision: White = 40%, Black = 71%.} 0-1